| 000 | 00563nam a22002057a 4500 | ||
|---|---|---|---|
| 003 | DO-SdBNP | ||
| 005 | 20171124115831.0 | ||
| 008 | 171124b1984 ca|| |||| 00| 0 spa d | ||
| 020 | _a0471098906 | ||
| 040 |
_aDO-SdBNP _bspa _cDO-SdBNP |
||
| 082 | 4 |
_axx _bxcc |
|
| 100 | _aAnton, Howard. | ||
| 245 |
_aElementary linear algebra / _cHoward Anton |
||
| 250 | _a4a. ed. | ||
| 260 |
_aNew Your, _bJohn Wiley & _c1984 |
||
| 300 |
_a403 p. ; _c25 cm. |
||
| 942 |
_2ddc _cBK |
||
| 945 | _aInventariado extranjero / 2017 NM | ||
| 956 |
_aVMATEO _b10 _c20171124 _dBPMSU _f0069 |
||
| 999 |
_c13087 _d13087 |
||